000 00649nam a2200145Ia 4500
008 100204s9999 xx 000 0 und d
082 _b14385
100 _aसावंत सुरेश
245 _aयशस्विनी -विनादिनी गायकवाड-आत्मकथन
260 _b"निर्मल प्रकाशन , नांंदेड"
_c1988
300 _a130
630 _aयशस्विनी -विनादिनी गायकवाड-आत्मकथन
730 _aयशस्विनी -विनादिनी गायकवाड-आत्मकथन
942 _cBOOK
999 _c458816
_d458813